The cutthroat man and other stories (Record no. 154277)

MARC details
000 -LEADER
fixed length control field 00471nam a22001577a 4500
005 - DATE AND TIME OF LATEST TRANSACTION
control field 20180718141542.0
010 ## - LCCN (DPL NO)
LC control number B-009612
037 ## - SOURCE OF ACQUISITION
Source of stock number/acquisition BPPD/PUB
082 ## - DEWEY DECIMAL CLASSIFICATION NUMBER
Classification number S
100 ## - MAIN ENTRY--PERSONAL NAME
Personal name Bhattacharjee, Swati
245 ## - TITLE STATEMENT
Title The cutthroat man and other stories
Statement of responsibility, etc Swati Bhattacharjee
260 ## - PUBLICATION, DISTRIBUTION, ETC. (IMPRINT)
Date of publication, distribution, etc 1999
Place of publication, distribution, etc New Delhi
Name of publisher, distributor, etc Vikas Publication House Pvt.Ltd.
270 ## - ADDRESS
Address 576, Masjid road, Jangpura
City New Delhi
Postal code 110014
300 ## - PHYSICAL DESCRIPTION
Dimensions 22cm(Hp)
Extent 100p.
Other physical details B&W photos
942 ## - ADDED ENTRY ELEMENTS (KOHA)
Item type English Books
Source of classification or shelving scheme Dewey Decimal Classification
Call number suffix BHA
Classification part S
Holdings
Withdrawn status Lost status Not for loan Collection code Home library Current library Date acquired Source of acquisition Cost, normal purchase price Full call number Barcode Cost, replacement price Koha item type
      Non-fiction Sarojini Nagar Sarojini Nagar 06/12/2018     S BHA B-009601 40.00 English Books
      Fiction Shahdara Branch Shahdara Branch 18/07/2018 BPPD/PUB 40.00 S BHA B-009612 0.00 English Books

© Delhi Public Library
Hit Counter
free hit counter